Score 0/30 Timer 05:00
6 Plays Today
Question Answer % Correct
Cyclops, Iceman and Wolverine are members of what superhero group?X-Men
96.6%
What musical instrument gets its name from the Greek words for 'wood' and 'sound'?Xylophone
92.4%
What video games console was launched by Microsoft in 2001?Xbox
92.4%
What MPAA rating was sometimes doubled or tripled as a marketing technique? X Rating
90.8%
David Duchovny and Gillian Anderson played the lead roles in TV series 'The...' what?X-Files
83.5%
Played by Lucy Lawless, what was the name of TV's 'Warrior Princess'?Xena
82.2%
What colorless noble gas has the atomic number 54?Xenon
80.1%
Ursula Burns is the chairwoman and C.E.O. for what U.S. copying company?Xerox
78%
What word is used for an intense dislike or fear of people from other countries?Xenophobia
74.8%
What is the palindromic brand name of the antianxiety drug alprazolam?Xanax
73.1%
Vin Diesel played Xander Cage in what film?xXx
66%
Wilhelm Röntgen won the 1901 Nobel Prize for Physics for his discovery of what?X-rays
65.4%
Which 16th century Spanish saint was a co-founder and one of the first Jesuits?Xavier (Francis)
63.4%
What annual sports event has included events such as the Gymkhana Grid, Skateboard Big Air, and Super Modified Snow Shovel Racing?X Games
62.9%
Melanie Amaro (U.S.) and Steve Brookstein (U.K.) were the first winners of what reality show?X Factor
61.9%
Question Answer % Correct
Who became King of Persia following the death of Darius I in 486 B.C.?Xerxes I
59.4%
What is the Roman numeral for 94?XCIV
55.6%
In 'Star Wars: A New Hope', what starfighter did Luke fly while attacking the Death Star?X-Wing
54.9%
In 'Buffy the Vampire Slayer', what is the first name of the character played by Nicholas Brendon?Xander
50.6%
What file extension marks spreadsheets saved using Microsoft Excel?.xls
48.9%
Made famous by Samuel Taylor Coleridge poem, what was the summer capital of Kublai Khan's empire?Xanadu
44.9%
What plant tissue transports water and dissolved nutrients upwards from the root?Xylem
33.7%
Born Alvin Nathaniel Joiner, who presents the U.S. version of 'Pimp My Ride'?Xzibit
26.9%
One of China's oldest cities, what is the capital of the Shaanxi province?Xi'an
25.8%
Since 2008, what name have Sony given to their range of smartphones and tablets?Xperia
20.4%
What is the first name of Bond villain Onatopp, played by Famke Janssen in 'Goldeneye'?Xenia
20.4%
'Speed of Sound' and 'Fix You' are songs on what Coldplay album?X & Y
20.2%
Produced between 2001 and 2009, what name did Jaguar give to the smallest of their model range?X-Type
18.5%
Sometimes spelled with a 'J', which Spanish city is famous for sherry?Xerez
18.1%
Roughly translated as 'the place of fear', this Mayan conception of the underworld is believed to have an entrance in Cobán, Guatemala.Xibalba
3.4%
Remove Ads.
Support Sporcle.
Get the best of Sporcle when you Go Orange. This ad-free experience offers more features, more stats, and more fun while also helping to support Sporcle. Thank you for becoming a member.

You're not logged in!

Compare scores with friends on all Sporcle quizzes.
OR
Log In

Show Comments

Extras

Top Quizzes Today


Score Distribution

Your Account Isn't Verified!

In order to create a playlist on Sporcle, you need to verify the email address you used during registration. Go to your Sporcle Settings to finish the process.

Report this User

Report this user for behavior that violates our Community Guidelines.

Details: